000 00458nam a22001817a 4500
003 OSt
008 250204b |||||||| |||| 00| 0 eng d
020 _a9789348140463
082 _a615.6 NAA
100 _aNarwal, Sonia
245 _aAdvanced Drug Delivery Innovations
260 _aDelhi
_bNaples India Pub.
_c2024
300 _a790
650 _aNovel Drug Delivery Systems
700 _aSangwan, Kavita
700 _aTushir, Shiva
942 _2ddc
_cBK
999 _c13068
_d13068